000 01422 a2200229 4500
001 41133
005 20260407155705.0
008 260407a2003 arg spa d
003 AR-UNSa-BCEJYS
040 _aAR-UNSa-BCEJYS
_bspa
_cAR-UNSa-BCEJYS
080 _a343.5
_xDelitos contra el crédito o fe pública, la ética y la familia (delitos informáticos)
245 1 0 _aDelitos relacionados con el sistema integrado de jubilaciones y pensiones
_pIncorporación y traspaso indebido de trabajadores. Inversiones ilícitas de fondos. Incumplimiento de las prestaciones previsionales. Análisis de la Ley 24.241
020 _a950-894-402-1
264 1 _aBuenos Aires :
_bAD-HOC
_c2003
300 _a397 p.
_c23 cm.
505 _a1. Delitos contra la integración de los fondos del SIJP (Arts. 132 y 133) - 2. Delitos contra la adecuada imputación de los depósitos al SIJP (Art. 134) - 3. Delitos contra la libertad de elección de la AFJP (Art. 135) - 4. Delitos contra el deber de información (Art. 136) - 5. Delitos contra un fondo de jubiliaciones y pensiones (Arts. 138, 139, 140 y 141) - 6. Delitos por incumplimiento de las prestaciones. Omisión de efectivizar prestaciones (Art. 142)
041 _aspa
942 _cBK
590 _aniveau_biblio:m niveau_hierar:0
100 1 _aMarum, Elizabeth A.
856 4 1 _uhttps://biblioeco.unsa.edu.ar/pmb/images/libros/delitos_Marum.jpg
_yImagen de portada
_qimage/jpeg
999 _c3386
_d3386